00797nam a22001817a 4500003000200000005001700002008004100019050002600060100002900086245011400115260007100229300004900300500005100349504005600400650004200456650005600498650006100554020250205165337.0250205b xxu||||| |||| 00| 0 eng d aHF 5415.13b.L46 2023 aLeong, Miguel Ma-Yook P. aBusiness management system for Boss Jacobs car wash and detailing for transactions. cMiguel Ma-Yook P. Leong aLas Pinas CitybSouthville International School and Collegesc2023 axv, 207 pages:bcolored illustration;c28cm. aBachelor of Science in Information Technology. aIncludes bibliographical references and appendices. aCar Wash Business Management Systems. aPoint-of-Sale and Scheduling Systems -- Car Washes. aWeb and Mobile Applications -- Service-Based Businesses.